| 000 | 00806nam a22002297a 4500 | ||
|---|---|---|---|
| 003 | OSt | ||
| 005 | 20251201090545.0 | ||
| 008 | 251030b |||||||| |||| 00| 0 eng d | ||
| 020 | _a978-621-451-008-5 | ||
| 040 |
_aDWCL - Main Lib _cOC |
||
| 082 | _aProf. 303.3 G646 2021 | ||
| 100 | _aRoces, Catherine Ortizo | ||
| 245 |
_aGood Manner and Right Conduct (GMRC) / _cCatherine Ortizo Roces [and 3 others] |
||
| 260 |
_aQuezon City, Philppines ; _bLorimar Publishing Inc., _cc2021. |
||
| 300 |
_axvi, 198 pages; _billustrations; _c26 cm. |
||
| 504 | _aIncludes bibliographical references. | ||
| 650 | _a1. Values Education - Study and Teaching | ||
| 700 | _a1. Hilda Clavel MontaƱo | ||
| 700 | _a2. Baby Rose Gargantiel Robles | ||
| 700 | _a3. Rejie Farparan Palmos | ||
| 942 |
_2ddc _cPROF. _mProf. _n0 |
||
| 999 |
_c5328 _d5328 |
||